000 01810nam a22004697a 4500
003 OSt
005 20230816092831.0
008 220929b |||||||| |||| 00| 0 eng d
040 _cBiblioteca Lado V
082 _a704.943
_bR669f
100 _9223
_aRoca, Jose
_eeditor
245 _aFlorae una revista de FLORA ars+natura/
_b#1-FLORESTANIA/
260 _bFLORA ars+natura
_c2015
_aColombia
300 _a120p.
_c17x22cm
490 _v2015
_a1
_x2462-9324
505 _aFlorestania
_rLeonardo Boff
505 _aFlorestania
_tMarjetica Potrc
505 _aTodo Acre cabe en un solo árbol
_rJose Roca
505 _aPaola Santoscoy
_rMelanie Smith, Xilitla
505 _aThe real. Retrato de Norman Mejia
_tMaria Isabel Rueda
505 _aAfuera del Bosque
_rCamila Corredor
505 _aWalden, o la vida en los bosques
_rKevin Mancera
505 _aLa cabaña del alquimista
_rMatias Quintero
505 _aEntrevista a Beatriz Eugenia Díaz
505 _aEl idioma analítico de John Wilkins
_rJorge Luis Borges
505 _aEstación de Campo Honda
505 _aCaminar la palabra
505 _aAmazonia
505 _aColor Amazonia
505 _aViaje a pie
505 _aMañana, Montaña y Ciudad Lucia Koch
505 _aHonda: La ciudad que siempre renace
505 _aEl pulso del río Entrevista a Tania Candiani
650 _2Tesauro de Arte & Arquitectura
_aARTE
650 _2Tesauro de Arte & Arquitectura
_aNATURALEZA
650 _2Tesauro de Arte & Arquitectura
_aANALISIS
650 _2Tesauro de Arte & Arquitectura
_aCRITICA
650 _2Tesauro de Arte & Arquitectura
_aLITERATURA
650 _2Tesauro de Arte & Arquitectura
_aECOLOGIA
651 _2Tesauro de Arte & Arquitectura
_aCOLOMBIA
942 _2ddc
_c1
_h704.943
_iR669f
_n0
999 _c4123
_d4123